Statistics for Asheville Regional Airport Destinations (Asheville, NC, USA)

Click here to take the quiz!

General Stats

  • This quiz has been taken 30 times
    (12 since last reset)
  • The average score is 19 of 27

Answer Stats

AirlineDestination% Correct
Delta Air LinesAtlanta
91%
Allegiant Air/JetBlueBoston
91%
Allegiant AirChicago (Midway)
91%
American Eagle/United ExpressChicago (O'Hare)
91%
American EagleDallas/Fort Worth
91%
American EagleMiami
91%
Allegiant AirOrlando/Sanford
91%
American Airlines/American EagleCharlotte
82%
Allegiant Air/United ExpressDenver
82%
American Eagle/Delta ConnectionNew York (LaGuardia)
82%
Allegiant AirOrlando
82%
American EaglePhiladelphia
82%
Allegiant Air/American EagleAustin
73%
Allegiant AirHouston (Hobby)
73%
Allegiant Air/Delta Air Lines/Sun Country AirlinesMinneapolis/St. Paul
73%
American EagleWashington (National)
73%
Allegiant AirFort Lauderdale
64%
Allegiant AirKey West
64%
Allegiant AirLas Vegas
64%
Allegiant Air/United ExpressNewark
64%
Allegiant AirPhoenix (Sky Harbor)
64%
Allegiant AirBaltimore
55%
Allegiant AirPunta Gorda (FL)
55%
Allegiant AirSarasota
55%
Allegiant AirSt. Petersburg/Clearwater
45%
Allegiant AirWest Palm Beach
45%
Allegiant AirDestin/Fort Walton Beach
27%

Score Distribution

Percentile by Number Answered

Percent of People with Each Score

Your Score History

You have not taken this quiz since the last reset